LEADER 01292nam2 22002773i 450 001 VAN0119258 005 20230725122534.733 100 $a20190110d1976 |0itac50 ba 101 $aita 102 $aIT 105 $a|||| ||||| 200 1 $aˆ<<‰Clan gentilizio e strutture monogamiche$econtributo alla storia della famiglia romana$ecorso di diritto romano>> 2$fGennaro Franciosi 210 $aNapoli$cJovene$d1976 215 $a118 p.$d24 cm 461 1$1001VAN0119255$12001 $aClan gentilizio e strutture monogamiche$econtributo alla storia della famiglia romana$ecorso di diritto romano$fGennaro Franciosi$1210 $aNapoli$cJovene$d1975-1976$1215 $a2 volumi$d24 cm.$v2 606 $aFamiglia$xRoma antica$3VANC030075$2SG 620 $dNapoli$3VANL000005 676 $a346.37015$v21 700 1$aFranciosi$bGennaro$3VANV001776$0142409 712 $aJovene $3VANV107888$4650 801 $aIT$bSOL$c20230728$gRICA 899 $aBIBLIOTECA DEL DIPARTIMENTO DI GIURISPRUDENZA$1IT-CE0105$2VAN00 912 $aVAN0119258 950 $aBIBLIOTECA DEL DIPARTIMENTO DI GIURISPRUDENZA$d00CONS BL.900M.1533 2 $e00BL 3854 slp 20190110 Biblioteca Lauria 996 $aClan gentilizio e strutture monogamiche$9284868 997 $aUNICAMPANIA